000 00806cab a2200241 4500
001 WB2816-06
008 090401t1992 xxu||||| |||| 00| 0 eng d
035 _a(Sirsi) u82483
041 _aeng
245 _aBuilding job losses to rise
260 _c1992
350 _a0
490 _aGuardian
_v14 April 1992, 12
490 _aDaily Telegraph
_v14 April 1992, 21
490 _aFinancial Times
_v14 April 1992, 10(1)
520 _aThe Building Employers` Confederation predict an increase in job losses amounting to a total of 300,000 in 1992, with a further rise over the following year, throughout the construction industry.
650 _aRECESSION
650 _aREDUNDANCIES
650 _aUNEMPLOYMENT
690 _aBUILDING AND CONSTRUCTION-ECONOMICS
942 _n0
948 _c04/03/1997
999 _c52087
_d52087